|
|
|
|
| LEADER |
01340nam a2200349 a 4500 |
| 001 |
39114 |
| 003 |
BD-DhAAL |
| 005 |
20230525141946.0 |
| 008 |
920124s1992 nyuab 001 0 eng |
| 010 |
|
|
|a 92052602
|
| 020 |
|
|
|a 0060905670
|
| 020 |
|
|
|a 0060159588
|
| 040 |
|
|
|a DLC
|c DLC
|d DLC
|d BD-DhAAL
|
| 041 |
1 |
|
|a eng
|
| 043 |
|
|
|a mm-----
|
| 050 |
0 |
0 |
|a DE80
|b .B7713 1992
|
| 082 |
0 |
0 |
|a 909.09822
|2 20
|
| 100 |
1 |
|
|a Braudel, Fernand.
|9 49955
|
| 245 |
1 |
4 |
|a The Mediterranean and the Mediterranean world in the age of Philip II,
|n volume II /
|c Fernand Braudel ; translated by Siân Reynolds ; abridged by Richard Ollard.
|
| 250 |
|
|
|a Abridged edition
|
| 260 |
|
|
|a New York, NY :
|b HarperCollins,
|c 1976.
|
| 300 |
|
|
|a 1375 pages :
|b illustrations (some colors), maps ;
|c 24 cm.
|
| 362 |
|
|
|a Vol. 2
|
| 500 |
|
|
|a Includes index.
|
| 541 |
|
|
|a Donated By Akbar Ali Khan
|e 39114
|
| 650 |
|
0 |
|a Human geography
|z Mediterranean Region.
|9 49956
|
| 651 |
|
0 |
|a Mediterranean Region
|x History
|y 1517-1789.
|9 49957
|
| 700 |
1 |
|
|a Ollard, Richard Lawrence.
|9 49958
|
| 852 |
|
|
|a Ayesha Abed Library
|c Akbar Ali Khan Collection
|
| 942 |
|
|
|2 ddc
|c BK
|
| 999 |
|
|
|c 44589
|d 44589
|
| 952 |
|
|
|0 0
|1 0
|2 ddc
|4 0
|6 909_098220000000000_BRA
|7 1
|9 71245
|a BRACUL
|b BRACUL
|c AAKC
|d 2022-07-18
|e Donated by Akbar Ali Khan
|l 0
|o 909.09822 BRA
|p 3010039114
|r 2022-07-18
|t 1
|w 2022-07-18
|y BK
|